000
00259nmm a2200085Ia 4500
008
220120s9999||||xx |||||||||||||||||und||
100
_a
Firewal media
245
0
_a
Learning computer fundamentals: ms office and internet and w
260
_a
Firewall media
_b
New Delhi
999
_c
139609
_d
139609